Normal view
MARC view
- الدويري،ميسون أحمد تأليف/القضاة،بسام محمد
Entry Personal Name
001 - CONTROL NUMBER
- control field: 43085
003 - CONTROL NUMBER IDENTIFIER
- control field: JO-AjAnu
005 - DATE AND TIME OF LATEST TRANSACTION
- control field: 20230606081138.0
008 - FIXED-LENGTH DATA ELEMENTS
- fixed length control field: 230606|| aca||aabn | a|a d
040 ## - CATALOGING SOURCE
- Original cataloging agency: JO-AjAnu
- Transcribing agency: JO-AjAnu
100 ## - HEADING--PERSONAL NAME
- Personal name: الدويري،ميسون أحمد تأليف/القضاة،بسام محمد
670 ## - SOURCE DATA FOUND
- Source citation: Work cat.: (JO-AjAnu)22065: الدويري،ميسون أحمد تأليف/القضاة،بسام محمد, author, دليل التربية العملية في الطفولة المبكرة